Ateliér špičatých klobouků / (Záznam č. 34180)
| 000 -Návěští | |
|---|---|
| Řídící pole kódované 24B | 01763nam a2200349 i 4500 |
| 001 - Kontrolní číslo | |
| Řídící pole proměnné | 001470000485121 |
| 003 - Identifikátor kontrolního čísla | |
| Řídící pole proměnné | CZ PrSKC |
| 005 - Datum posledního zpracování | |
| Řídící pole 16B | 20260416112957.0 |
| 007 - Pole pevné délky pro fyzický popis | |
| Řídící pole kódované | ta |
| 008 - Údaje pevné délky | |
| Řídící pole kódované 40B | 250505s2021 xr a c 6 000 1 cze d |
| 020 ## - ISBN | |
| ISBN | 9788076791008 |
| Dostupnost | Kč 249,00 |
| 040 ## - Zdroj katalogizace-agentura | |
| Agentura původní katalogizace | ABG001 |
| Jazyk katalogizace | cze |
| Agentura upravující záznam | ABA001 |
| -- | BOA001 |
| -- | SUG001 |
| Použitá pravidla popisu | rda |
| 041 1# - Kód jazyka | |
| Kód jazyka textu/zvuku, mezititulků | cze |
| Kód jazyka originálu | jpn |
| 072 #7 - Kód předmětové kategorie - Konspekt | |
| Předmětová kategorie | 741.52 |
| Zpřesnění předmětové kategorie | Komiksy. Komiksové adaptace |
| Zdroj předmětové klasifikace | Konspekt |
| 072 #7 - Kód předmětové kategorie - Konspekt | |
| Předmětová kategorie | 821-93 |
| Zpřesnění předmětové kategorie | Literatura pro děti a mládež (beletrie) |
| Zdroj předmětové klasifikace | Konspekt |
| 100 1# - Hlavní záhlaví - osobní jméno autora | |
| Osobní jméno | Shirahama, Kamome |
| Kód role | aut |
| 9 (RLIN) | 18078 |
| 240 10 - Unifikovaný název | |
| Unifikovaný název | <a href="Tongari bōshi no atorie.">Tongari bōshi no atorie.</a> |
| Jazyk díla | Česky |
| 245 10 - Údaje o názvu | |
| Název | Ateliér špičatých klobouků / |
| Údaj o odpovědností, atd. | Kamome Širahama ; překlad: Michala Kropáčková |
| 264 #1 - Nakladatelské údaje | |
| Místo vydání | [Praha] : |
| Nakladatel | Crew, |
| Rok vydání | 2021 |
| 300 ## - Fyzický popis | |
| Rozsah | 168 stran : |
| další fyzické údaje | ilustrace |
| 490 1# - Údaje o edici | |
| Údaje o edici | Crew manga |
| 500 ## - Všeobecná poznámka | |
| Text obecné poznámky | Přeloženo z japonštiny |
| 500 ## - Všeobecná poznámka | |
| Text obecné poznámky | Tištěno zprava doleva ve stylu manga |
| 520 2# - Anotace | |
| Anotace, atd. | Série fantasy manga komiksů ze světa kouzel. |
| Rozšířený text anotace | Po utrpení během zkoušky v Hadí páteři si učednice zaslouží pořádný odpočinek. A existuje snad bezpečnější místo než Auditorium na mořském dně? K jejich překvapení jim navíc jeden ze tří Mudrců nabídne náhradní zkoušku za tu, kterou narušili Krempáci. Jenže Mudrcův test skrývá vlastní nástrahy. Zvládnou učednice prokázat sílu svých kouzel a svého odhodlání? A dokáží odkrýt záhadu minulosti? Coco totiž není jediná, kdo má své tajemství. |
| 653 0# - Rejstříkový termín - volně tvořený | |
| Volně tvořený termín | japonské komiksy |
| -- | fantasy komiksy |
| -- | komiksy |
| -- | manga |
| -- | magie |
| -- | učedníci |
| -- | kouzla |
| -- | 15+ (piktogram) |
| -- | KOMIKS (piktogram) |
| 655 #7 - Rejstříkový termín - žánr/forma | |
| Žánr/forma či základní termín | manga |
| -- | 14003 |
| 655 #7 - Rejstříkový termín - žánr/forma | |
| Žánr/forma či základní termín | fantasy komiksy |
| -- | 10419 |
| 655 #7 - Rejstříkový termín - žánr/forma | |
| Žánr/forma či základní termín | publikace pro děti |
| 700 1# - Vedlejší záhlaví - osobní jméno autora | |
| Osobní jméno | Kropáčková, Michala |
| Kód role | trl |
| 9 (RLIN) | 14006 |
| 910 ## - Údaje o vlastníkovi jednotky (exempláře) | |
| Sigla vlastníka jednotky | ABG508 |
| Stav ztráty | Zdroj klasifikace pro skladování | Stav poškození |
|---|---|---|
| Universal Decimal Classification |